00677nam a2200217 a 450000100060000000300080000600500170001400800410003102000390007203500190011104000350013004100080016508200250017324500600019826000340025830000340029250400540032665000150038065000210039570000430041662243BD-RjUL20211209081047.0170123s1994 nyua b 000 0 eng d a0415907810 (hard : acidfree paper) a(BD-RjUL)62369 aBD-RjULcBD-RjULdBD-RjULbeng aeng00a801.95223bNEW 199404aThe New historicism reader /cedited by H. Aram Veeser. aNew York :bRoutledge,c1994. avii, 376 p. :bill. ;c23 cm. aIncludes bibliographical references (p. 370-375). 0aCriticism. 0aNew Historicism.1 aVeeser, H. Aramq(Harold Aram),d1950-